Passatempos de ciências naturais (Registo nº 991)
[ vista simples ]
| 000 -Etiqueta do registo | |
|---|---|
| Cabeçalho | 00809nam a2200301 i 4500 |
| 005 - Identificador da versão | |
| Campo de controlo | 20240813121821.0 |
| 010 ## - Número internacional normalizado dos livros (ISBN) | |
| Número (ISBN) | 972031589X |
| 021 ## - Número do Depósito Legal | |
| Código do país | PT |
| Número | 205056/04 |
| 035 ## - Other System Control Numbers | |
| System Control Number | 0001056 |
| System Control Number | 0001039 |
| 100 ## - Dados gerais de processamento | |
| Dados gerais de processamento | 20050913d2004 de y0pory5003 ba |
| 102 ## - Pais de publicação ou produção | |
| País de publicação | Portugal |
| 101 0# - Língua de publicação | |
| Língua do texto, banda sonora, etc. | Português |
| 106 ## - Campo de dados codificados: material textual | |
| Dados codificados do material textual | r |
| 105 ## - Campo de dados codificados: livros | |
| Dados codificados dos livros | a j 001yy |
| 215 ## - Descrição física | |
| Indicação específica da natureza do documento e extensão da espécie | 64 p. |
| Outras indicações físicas | il. |
| Dimensões | 20 cm |
| 200 1# - Titulo e menção de responsabilidade | |
| Título próprio | Passatempos de ciências naturais |
| Informação de outro título | 9º ano |
| Primeira menção de responsabilidade | Sandra Ribeiro, Elisa Ferreira |
| Outras menções de responsabilidade | il. Cristina Malaquias |
| 225 2# - Colecção | |
| Título próprio da colecção | Passatempos |
| 205 ## - Menção da edição | |
| Menção da edição | [1ª ed.] |
| 210 ## - Publicação, Distribuição, etc. | |
| Lugar da edição, distribuição, etc. | Porto |
| Nome do editor, distribuidor, etc. | Porto Editora |
| Data da publicação, distribuição, etc. | 2004 |
| 675 ## - Classificação Decimal Universal (CDU) | |
| Notação | 55(075.2) |
| Edição | BN |
| Língua da edição | por |
| 702 #1 - Nome de autor-pessoa física (responsabilidade secundária) | |
| Número de registo de entrada de autoridade | 0001322 |
| Palavra de ordem | Malaquias |
| Outra parte do nome não tomada para palavra de ordem | Cristina |
| Código de função | Ilustrador / Técnico de desenho computorizado |
| 701 #1 - Nome de autor-pessoa física (co-responsabilidade principal) | |
| Palavra de ordem | Ferreira |
| Outra parte do nome não tomada para palavra de ordem | Elisa |
| Código de função | Autor / Co-autor |
| 700 #1 - Nome de autor-pessoa física (responsabilidade principal) | |
| Número de registo de entrada de autoridade | 0001329 |
| Palavra de ordem | Ribeiro |
| Outra parte do nome não tomada para palavra de ordem | Sandra |
| 942 ## - Elementos de entrada adicionados (Koha) | |
| Tipo de item no Koha | Livro |
| Situação do levantamento | Origin of item (home branch) (coded) | Biblioteca de empréstimo | Código de barras | Cota | Circulation type (not for loan) | Tipo de documento | Nota do exemplar | Damaged status |
|---|---|---|---|---|---|---|---|---|
| Biblioteca Escolar Eng. Nuno Mergulhão | Biblioteca Escolar Eng. Nuno Mergulhão | BENM1743 | 55(075.2) | Livro | Sem mensagem |
